Catálogo
 En Linea

Manual de dos / (Registro nro. 45082)

Detalles MARC
000 -CABECERA
campo de control de longitud fija 00457nam a2200157 a 4500
001 - NÚMERO DE CONTROL
campo de control 000045593
005 - FECHA Y HORA DE LA ÚLTIMA TRANSACCIÓN
campo de control 20201002052332.0
008 - DATOS DE LONGITUD FIJA--INFORMACIÓN GENERAL
campo de control de longitud fija 150416s1996 dr a 000 0 spa d
082 ## - NÚMERO DE LA CLASIFICACIÓN DECIMAL DEWEY
Número de clasificación xxxxxxxxxx
Número de documento/Ítem xxxxxxxxxx
040 ## - FUENTE DE LA CATALOGACIÓN
Centro catalogador/agencia de origen DO-SdBNP
245 00 - MENCIÓN DE TÍTULO
Título Manual de dos /
Mención de responsabilidad, etc. Felipe Peralta Disla.
250 ## - MENCIÓN DE EDICIÓN
Mención de edición 6a ed. actualizada y aumentada
260 ## - PUBLICACIÓN, DISTRIBUCIÓN, ETC.
Lugar de publicación, distribución, etc. Santo Domingo :
Nombre del editor, distribuidor, etc. CENTU,
Fecha de publicación, distribución, etc. 1996.
300 ## - DESCRIPCIÓN FÍSICA
Extensión 130 p. :
Otras características físicas il. ;
Dimensiones 22 cm.
700 1# - PUNTO DE ACCESO ADICIONAL--NOMBRE DE PERSONA
Nombre de persona Peralta Disla, Felipe
9 (RLIN) 53602
Existencias
Estado de retiro Estado de pérdida No para préstamo Código de colección Localización permanente Ubicación/localización actual Ubicación en estantería Fecha de adquisición Número de inventario Total de préstamos Signatura topográfica completa Código de barras Fecha visto por última vez Precio válido a partir de Tipo de ítem Koha
    Excluido de préstamo Patrimonio Dominicano Patrimonio Dominicano Patrimonio Dominicano Depósito 16.04.2015 LF1   xxxxxxxxxx xxxxxxxxxx 45593-10 25.06.2020 25.06.2020 Libro y Folleto Colección Patrimonio Dominicano

Con tecnología Koha